000 00532nam a2200217Ia 4500
003 OSt
005 20220928141152.0
006 a|||||r|||| 00| 0
007 ta
008 220927b |||||||| |||| 00| 0 eng d
024 _a14058
037 _cTextual
040 _aSDCL
_cSDCL
_beng
041 _2eng
_aeng
082 _aO-,M:g, M5
100 _aWallace John M
_9490953
245 0 _aGolden and the brazen world.
260 _c1985
942 _hO-,M:g, M5
_cTEXL
_2CC
999 _c816467
_d816467